| 000 | 01185aam a2200433a 44500 | ||
|---|---|---|---|
| 008 | 930106s1990 cat | ||
| 017 | _aB-35736-1990 | ||
| 020 | _a8472563502 | ||
| 041 | _acat | ||
| 080 | _a389(467) | ||
| 100 |
_aAlsina i Català, C. _963966 |
||
| 245 | _aPesos, mides i mesures dels Països Catalans | ||
| 245 | _cClaudi Alsina i Català | ||
| 245 | _cGaspar Feliu i Montfort | ||
| 245 | _cLluís Marquet i Ferigle | ||
| 260 | _aBarcelona | ||
| 260 | _bCurial | ||
| 260 | _c1990 | ||
| 300 |
_a[431]p. _c18 cm. |
||
| 490 |
_aBiblioteca de la Cultura Catalana; _v67 |
||
| 500 | _aBibliografia: p.413-427 | ||
| 520 | _aaprox. 250 | ||
| 522 | _aPaïsos Catalans | ||
| 546 | _acatalà | ||
| 591 | _a3161 | ||
| 592 | _aObra terminològica | ||
| 593 | _aAVA | ||
| 594 | _a3161 | ||
| 650 |
_ametrologia _961434 |
||
| 650 |
_aunitats de mesura _961559 |
||
| 700 |
_aFeliu i Montfort, G. _964021 |
||
| 700 |
_aMarquet i Ferigle, L. _961154 |
||
| 830 |
_aBiblioteca de la Cultura Catalana; _v67 _964022 |
||
| 901 | _c<1990> | ||
| 902 | _a930106 | ||
| 942 |
_cMO _n0 |
||
| 999 |
_c53524 _d53524 |
||